Cálculo matemático con DERIVE para PC /
Guardado en:
| Autor Principal: | |
|---|---|
| Otros Autores: | |
| Formato: | Libro |
| Idioma: | Spanish |
| Publicado: |
Madrid :
RA-MA,
c1994.
|
| Materias: | |
| Etiquetas: |
Agregar Etiqueta
Sin Etiquetas, Sea el primero en etiquetar este registro!
|
| LEADER | 00522nam a22001695a 4500 | ||
|---|---|---|---|
| 001 | MAT.inmabb003215 | ||
| 008 | 051102s1994####sp#a##########001#0#spa#d | ||
| 005 | 20170601165445.0 | ||
| 245 | 1 | 0 | |a Cálculo matemático con DERIVE para PC / |c Carlos Paulogorrán, César Pérez. |
| 260 | |a Madrid : |b RA-MA, |c c1994. | ||
| 300 | |a 389 p. : |b il. ; |c 24 cm. | ||
| 020 | |a 847897119X | ||
| 100 | 1 | |a Paulogorrán, Carlos. | |
| 700 | 1 | |a Pérez López, César. | |
| 084 | |a 68-XX |2 msc2000 | ||
| 630 | 0 | 7 | |a Derive. |
| 859 | |h 68 |i P331 |p A-7340 |b BIB. MATEMATICA | ||
